6 intrus en 30 secondes #3 - Statistiques

Statistiques générales
  • Ce quiz a été pris 87 fois
  • Le résultat moyen est 4 sur 6
Answers on the Grid
Answers color-coded by a green-red scale on the quiz's grid according to % correct below.
👨
👨
👨
👨
👨
👨
🧔
🧔
🧔
🧔
🧔
🧔
🧔
🧔
🧔
🧔
🧔
🧔
🧔
🧔
🧔
🧔
🧔
🧔
🧔
🧔
🧔
🧔
🧔
🧔
🧔
🧔
🧔
🧔
🧔
🧔
🧔
🧔
🧔
🧔
🧔
🧔
🧔
🧔
🧔
🧔
🧔
🧔
🧔
🧔
🧔
🧔
🧔
🧔
🧔
🧔
🧔
🧔
🧔
🧔
🧔
🧔
🧔
🧔
🧔
🧔
🧔
🧔
🧔
🧔
🧔
🧔
🧔
🧔
🧔
🧔
🧔
🧔
🧔
🧔
🧔
🧔
🧔
🧔
🧔
🧔
🧔
🧔
🧔
🧔
🧔
🧔
🧔
🧔
🧔
🧔
🧔
🧔
🧔
🧔
🧔
🧔
🧔
🧔
🧔
🧔
🧔
🧔
🧔
🧔
🧔
🧔
🧔
🧔
🧔
🧔
🧔
🧔
🧔
🧔
🧔
🧔
🧔
🧔
🧔
🧔
🧔
🧔
🧔
🧔
🧔
🧔
🧔
🧔
🧔
🧔
🧔
🧔
🧔
🧔
🧔
🧔
🧔
🧔
🧔
🧔
🧔
🧔
🧔
🧔
🧔
🧔
🧔
🧔
🧔
🧔
🧔
🧔
🧔
🧔
🧔
🧔
🧔
🧔
🧔
🧔
🧔
🧔
🧔
🧔
🧔
🧔
🧔
🧔
🧔
🧔
🧔
🧔
🧔
🧔
🧔
🧔
🧔
🧔
🧔
🧔
🧔
🧔
🧔
🧔
🧔
🧔
🧔
🧔
🧔
🧔
🧔
🧔
🧔
🧔
 
Statistiques - réponses
Réponse % Correct
👨
66%
👨
63%
👨
62%
👨
58%
👨
54%
👨
54%
Aucun quiz correspondant
Distribution des résultats
% des personnes avec chaque résultat
Percentile par nombre de réponses
Votre historique - résultats
Vous n’avez pas pris ce quiz